LEADER 00913nam0-22003011i-450- 001 990000525040403321 005 20070613131711.0 010 $a88-203-2163-7 035 $a000052504 035 $aFED01000052504 035 $a(Aleph)000052504FED01 035 $a000052504 100 $a20020821d1995----km-y0itay50------ba 101 0 $aita 105 $aa-------001yy 200 1 $aImpianti eletttrici per l'industria e le macchine operatrici$emanuale di applicazione delle norme CEI$fGianfranco Figini, Umberto Torelli 210 $aMilano$cHoepli$dc1995 215 $a739 p.$cill.$d25 cm 610 0 $aImpianti elettrici per l'industria - Sicurezza 676 $a621.310'42 700 1$aFigini,$bGianfranco 701 1$aTorelli,$bUmberto 801 0$aIT$bUNINA$gRICA$2UNIMARC 901 $aBK 912 $a990000525040403321 952 $a10 D II 599$bDIEL 2444$fDINEL 959 $aDINEL 997 $aUNINA LEADER 06745nam 22007695 450 001 9910298389803321 005 20251117071349.0 010 $a94-007-6582-7 024 7 $a10.1007/978-94-007-6582-5 035 $a(CKB)3710000000026029 035 $a(EBL)1466303 035 $a(OCoLC)861217490 035 $a(SSID)ssj0001049204 035 $a(PQKBManifestationID)11597644 035 $a(PQKBTitleCode)TC0001049204 035 $a(PQKBWorkID)11019785 035 $a(PQKB)11111277 035 $a(MiAaPQ)EBC1466303 035 $a(DE-He213)978-94-007-6582-5 035 $a(PPN)176128182 035 $a(EXLCZ)993710000000026029 100 $a20131004d2014 u| 0 101 0 $aeng 135 $aur|n|---||||| 181 $ctxt 182 $cc 183 $acr 200 10$aAntarctic Futures $eHuman Engagement with the Antarctic Environment /$fedited by Tina Tin, Daniela Liggett, Patrick T Maher, Machiel Lamers 205 $a1st ed. 2014. 210 1$aDordrecht :$cSpringer Netherlands :$cImprint: Springer,$d2014. 215 $a1 online resource (363 p.) 300 $aDescription based upon print version of record. 311 08$a94-007-6581-9 320 $aIncludes bibliographical references and index. 327 $a1. Setting the scene: Human activities, environmental impacts and governance arrangements in Antarctica -- Part I. Species and Ecosystems -- 2. Human Impacts on Antarctic Wildlife: predictions and speculations for 2060 -- 3. Antarctic Marine Living Resources ? ?The future is not what it used to be? -- 4. Present and future conservation management of Antarctic baleen whales -- 5. Global movement and homogenisation of biota: challenges to the environmental management of Antarctica? -- 6. The Effects of Human Trampling on Maritime Antarctica Soils -- Part I Summary -- Part II. Regional Case Studies -- 7. Environmental Situation and Management Challenges for the Fildes Peninsula Region -- 8. Historical developments, drivers of change and future scenarios for human activities in Deception Island -- 9: Long Term Monitoring of Human impacts to the Terrestrial Environment at McMurdo Station -- Part II Summary -- Part III. Actors and Sectors -- 10. Valuing Antarctica: Emerging Views from International Studies -- 11. Strategic thinking and the Antarctic wilderness: Contrasting alternative futures -- 12. Strategic management and regulation of Antarctic tourism -- 13. Future challenges in environmental management of National Antarctic Programs -- 14. Strategic thinking for the Antarctic environment: the use of assessment tools in governance -- Part III Summary -- Part IV. Conclusions -- 15. Conclusions: Multiple dimensions of human engagement with the Antarctic environment -- Index. 330 $aThis book discusses concerns for the sensitive environments and ecosystems of Antarctica and looks ahead to the state of the continent as it might be in 2060. At the beginning of the 21st century, Antarctica stands at the edge of a warmer and busier world. The editors have gathered leading researchers to examine the challenges of Antarctic environmental governance, and to address such important questions as: What future will Business-As-Usual bring to the Antarctic environment? Will a Business-As-Usual future be compatible with the objectives set out under the Antarctic Treaty, especially its Protocol on Environmental Protection? What actions are necessary to bring about alternative futures for the next 50 years?   An introductory chapter sets the scene by tracing the history of human activities, and the development of international legislation and other governance initiatives, for managing environmental impacts in Antarctica. Section A: Species and Ecosystems examines the future state of Antarctic ecosystems in general, and specifically focuses on baleen whales, fisheries, introduction of non-native species, and the consequences of human trampling on soils. Section B: Regional Case Studies offers detailed summaries of human activities and environmental management in three distinct regions - Fildes Peninsula and Deception Island in the South Shetland Islands, and McMurdo Station in the Ross Sea region - as microcosms of current practice from which lessons can be learned. Section C: Actors and Sectors offers a diverse set of perspectives from representatives of environmental non-governmental organizations and governmental institutions as well as from tourism and sustainability researchers on how Antarctica is used, valued and governed, and how strategic thinking can assist in exploring, and potentially reaching, desirable futures for the Antarctic environment. The conclusion chapter summarizes the preceding discussions and calls for integrating a strategic vision into all aspects of Antarctic environmental governance.   Antarctic Futures: Human Engagement with the Antarctic Environment draws on research from the International Polar Year (2007-2009) presented at the 2010 Oslo Science Conference, probing multiple dimensions of human engagement with the Antarctic environment. 606 $aEnvironmental management 606 $aEnvironmental monitoring 606 $aNature conservation 606 $aWildlife 606 $aFishes 606 $aGeography 606 $aEnvironmental Management$3https://scigraph.springernature.com/ontologies/product-market-codes/U17009 606 $aMonitoring/Environmental Analysis$3https://scigraph.springernature.com/ontologies/product-market-codes/U1400X 606 $aNature Conservation$3https://scigraph.springernature.com/ontologies/product-market-codes/U26008 606 $aFish & Wildlife Biology & Management$3https://scigraph.springernature.com/ontologies/product-market-codes/L25080 606 $aGeography, general$3https://scigraph.springernature.com/ontologies/product-market-codes/J00000 615 0$aEnvironmental management. 615 0$aEnvironmental monitoring. 615 0$aNature conservation. 615 0$aWildlife. 615 0$aFishes. 615 0$aGeography. 615 14$aEnvironmental Management. 615 24$aMonitoring/Environmental Analysis. 615 24$aNature Conservation. 615 24$aFish & Wildlife Biology & Management. 615 24$aGeography, general. 676 $a333.7209989 702 $aTin$b Tina$4edt$4http://id.loc.gov/vocabulary/relators/edt 702 $aLiggett$b Daniela$4edt$4http://id.loc.gov/vocabulary/relators/edt 702 $aMaher$b Patrick T.$4edt$4http://id.loc.gov/vocabulary/relators/edt 702 $aLamers$b Machiel$4edt$4http://id.loc.gov/vocabulary/relators/edt 906 $aBOOK 912 $a9910298389803321 996 $aAntarctic Futures$92540334 997 $aUNINA